[Event "LTU-ch U16 Girls"]
[White "Semonaviciute, Migle"]
[Black "Rauckyte, Kamile"]
[Site "Kaunas"]
[Round "5"]
[Result "1-0"]
[Date "2017.04.07"]
[WhiteElo "1790"]
[BlackElo "1378"]
[PlyCount "82"]
[EventDate "2017.04.05"]
[EventType "tourn"]
[EventRounds "9"]
[EventCountry "LTU"]
[SourceTitle "CBM 177 Extra"]
[Source "ChessBase"]
[SourceDate "2017.04.27"]
[SourceVersion "1"]
[SourceVersionDate "2017.04.27"]
[SourceQuality "1"]

1. e4 e5 2. Nc3 Nf6 3. g3 d5 4. exd5 Nxd5 5. Bg2 Be6 6. Nge2 Nc6 7. d3 Qd7 8. f4 exf4 9. Bxf4 0-0-0 10. a3 Nxf4 11. Nxf4 Bg4 12. Qxg4 Qxg4 13. Bh3 Qxh3 14. Nxh3 Bc5 15. 0-0-0 Rhe8 16. Rhf1 f6 17. Ne4 Bb6 18. Nf4 Be3+ 19. Kb1 Bxf4 20. Rxf4 Re5 21. Rdf1 Ne7 22. Rh4 h6 23. Rg4 f5 24. Rxg7 fxe4 25. dxe4 Rxe4 26. Rff7 Re8 27. Rh7 Re6 28. c4 Kd8 29. Ka2 b5 30. cxb5 Kc8 31. a4 Nd5 32. a5 R8e7 33. Rh8+ Re8 34. Rhh7 R6e7 35. Rxe7 Rxe7 36. Rxh6 Rg7 37. Ka3 Rg4 38. Rh5 Nf6 39. Rh8+ Ng8 40. b4 Kb7 41. Ka4 Nf6 1-0

[Event "LTU-ch (Women)"]
[White "Semonaviciute, Migle"]
[Black "Malisauskiene, Marina"]
[Site "Vilnius"]
[Round "7"]
[Result "1/2-1/2"]
[Date "2017.03.03"]
[WhiteElo "1808"]
[BlackElo "1903"]
[PlyCount "118"]
[EventDate "2017.02.25"]
[EventType "swiss"]
[EventRounds "7"]
[EventCountry "LTU"]
[SourceTitle "CBM 177 Extra"]
[Source "ChessBase"]
[SourceDate "2017.04.27"]
[SourceVersion "1"]
[SourceVersionDate "2017.04.27"]
[SourceQuality "1"]

1. b4 Nf6 2. Bb2 g6 3. e3 Bg7 4. Nf3 d5 5. c4 c6 6. d4 a6 7. a4 Bg4 8. Nbd2 Nbd7 9. h3 Bxf3 10. Nxf3 Ne4 11. Bd3 Ndf6 12. 0-0 0-0 13. Ne5 e6 14. Qe1 Nd7 15. Nxd7 Qxd7 16. Bxe4 dxe4 17. Qb1 f5 18. Rd1 Rfd8 19. Qa2 Bf8 20. Qb3 b6 21. Qc3 Bg7 22. g4 Qe7 23. gxf5 gxf5 24. Kh2 Kf7 25. Rg1 Bf6 26. Qd2 Rg8 27. Ba3 Rg6 28. Qe2 Rh6 29. f4 exf3 30. Qxf3 Qc7+ 31. Kh1 Rg8 32. Raf1 Rxg1+ 33. Rxg1 Rg6 34. Rg2 Qd7 35. Qf4 b5 36. axb5 axb5 37. cxb5 cxb5 38. Qf3 Rxg2 39. Kxg2 Qd5 40. Qxd5 exd5 41. Bc1 f4 42. Kf3 fxe3 43. Bxe3 Be7 44. Bd2 Bd6 45. Be1 Kg6 46. Bd2 Kf5 47. Be1 Be7 48. Bd2 Bf6 49. Bc3 Bg7 50. Bb2 Kg5 51. Kg3 Bf8 52. Bc3 Bd6+ 53. Kf3 Kh4 54. Kg2 Bf4 55. Be1+ Kg5 56. Kf3 Bc1 57. Bc3 h5 58. Be1 Kf5 59. Bc3 Bg5 1/2-1/2

[Event "LTU-ch (Women)"]
[White "Paknyte, Beatrice"]
[Black "Semonaviciute, Migle"]
[Site "Vilnius"]
[Round "5"]
[Result "0-1"]
[Date "2017.03.01"]
[WhiteElo "1148"]
[BlackElo "1808"]
[PlyCount "96"]
[EventDate "2017.02.25"]
[EventType "swiss"]
[EventRounds "7"]
[EventCountry "LTU"]
[SourceTitle "CBM 177 Extra"]
[Source "ChessBase"]
[SourceDate "2017.04.27"]
[SourceVersion "1"]
[SourceVersionDate "2017.04.27"]
[SourceQuality "1"]

1. e4 d5 2. exd5 Nf6 3. Nc3 Nxd5 4. Bc4 c6 5. Nf3 g6 6. 0-0 Bg7 7. Nxd5 cxd5 8. Bb5+ Bd7 9. Bxd7+ Nxd7 10. d4 0-0 11. Bf4 b5 12. Qd2 e6 13. Bh6 Nb6 14. b3 Rc8 15. Rfe1 Qc7 16. Rac1 Qc3 17. Bxg7 Qxd2 18. Nxd2 Kxg7 19. Re3 Rc7 20. Nf3 Rfc8 21. Re2 a5 22. h3 a4 23. Ne5 Rc3 24. bxa4 bxa4 25. Rb1 Nc4 26. Rb4 Ra3 27. Nxc4 Rxc4 28. Rxc4 dxc4 29. Re3 Rxa2 30. Rc3 a3 31. Rxc4 Rb2 32. Ra4 a2 33. Kh2 Rxc2 34. Kg3 h5 35. h4 f6 36. Kf3 g5 37. g3 Kg6 38. Ke3 g4 39. Ra6 Rb2 40. Ra7 Kf5 41. Ra5+ e5 42. f4 gxf3 43. Kxf3 Rb3+ 44. Ke2 Rxg3 45. dxe5 fxe5 46. Kf2 Rh3 47. Ra4 Rxh4 48. Ra6 Rh1 0-1

[Event "LTU-ch (Women)"]
[White "Urbonaviciute, Zivile"]
[Black "Semonaviciute, Migle"]
[Site "Vilnius"]
[Round "7"]
[Result "0-1"]
[Date "2016.03.11"]
[WhiteElo "1865"]
[BlackElo "1761"]
[PlyCount "94"]
[EventDate "2016.03.06"]
[EventType "swiss"]
[EventRounds "7"]
[EventCountry "LTU"]
[SourceTitle "CBM 171 Extra"]
[Source "ChessBase"]
[SourceDate "2016.04.26"]
[SourceVersion "1"]
[SourceVersionDate "2016.04.26"]
[SourceQuality "1"]

1. e4 d5 2. exd5 Nf6 3. Nf3 Nxd5 4. d4 g6 5. c4 Nb6 6. Nc3 Bg7 7. c5 Nd5 8. Bc4 Nxc3 9. bxc3 0-0 10. 0-0 b6 11. cxb6 axb6 12. Bg5 h6 13. Bh4 Bf5 14. Re1 g5 15. Bg3 Nd7 16. Ne5 Nxe5 17. Bxe5 Bg6 18. Qg4 Ra5 19. f4 e6 20. h4 Bf5 21. Qg3 g4 22. Bxg7 Kxg7 23. h5 Rg8 24. Bd3 Bxd3 25. Qxd3 Rxh5 26. Re5 Rxe5 27. fxe5 Qg5 28. Rf1 h5 29. Qe4 g3 30. Qf3 Qg6 31. c4 Rd8 32. d5 h4 33. a4 Rd7 34. Re1 Qf5 35. Qxf5 exf5 36. Kf1 Re7 37. Re3 Kg6 38. Ke2 f4 39. Re4 f5 40. Rxf4 Rxe5+ 41. Kd3 Kg5 42. Rf3 Re1 43. Re3 Rxe3+ 44. Kxe3 h3 45. gxh3 Kh4 46. c5 Kxh3 47. cxb6 cxb6 0-1

[Event "LTU-ch (Women)"]
[White "Kartanaite, Marija"]
[Black "Semonaviciute, Migle"]
[Site "Vilnius"]
[Round "2"]
[Result "1/2-1/2"]
[Date "2016.03.07"]
[WhiteElo "1782"]
[BlackElo "1761"]
[PlyCount "87"]
[EventDate "2016.03.06"]
[EventType "swiss"]
[EventRounds "7"]
[EventCountry "LTU"]
[SourceTitle "CBM 171 Extra"]
[Source "ChessBase"]
[SourceDate "2016.04.26"]
[SourceVersion "1"]
[SourceVersionDate "2016.04.26"]
[SourceQuality "1"]

1. e4 d5 2. exd5 Nf6 3. Nc3 Nxd5 4. Bc4 Nxc3 5. Qf3 e6 6. Qxc3 Qg5 7. Qf3 Nc6 8. d3 Bb4+ 9. c3 Qe5+ 10. Kf1 Ba5 11. Bf4 Qf6 12. Qg3 0-0 13. Nf3 a6 14. d4 b5 15. Bd3 h6 16. Ne5 Nxe5 17. dxe5 Qe7 18. Bxh6 f6 19. exf6 Qxf6 20. Bg5 Qf7 21. Be3 Bb6 22. Qh4 g6 23. Bxb6 cxb6 24. Be4 Ra7 25. Qg3 Kg7 26. h4 Bb7 27. Bc2 Qf6 28. h5 g5 29. h6+ Kh8 30. Rh5 g4 31. Kg1 Bd5 32. Qe5 Raf7 33. Be4 Bxe4 34. Qxe4 Qxf2+ 35. Kh2 g3+ 36. Kh3 Qxb2 37. Qe5+ Kh7 38. Rg5 Rf6 39. Rg7+ Kh8 40. Qg5 Qc2 41. Rg8+ Rxg8 42. Qxf6+ Kh7 43. Qf7+ Kh8 44. Qf6+ 1/2-1/2

[Event "LTU-chT (Women)"]
[White "Zaksaite, Salomeja"]
[Black "Semonaviciute, Migle"]
[Site "Vilnius"]
[Round "4.1"]
[Result "1-0"]
[Date "2016.02.06"]
[WhiteElo "2231"]
[BlackElo "1761"]
[PlyCount "75"]
[EventDate "2016.01.23"]
[EventType "team-swiss"]
[EventRounds "7"]
[EventCountry "LTU"]
[SourceTitle "EXT 2017"]
[Source "ChessBase"]
[SourceDate "2016.10.25"]
[SourceVersion "1"]
[SourceVersionDate "2016.10.25"]
[SourceQuality "1"]
[WhiteTeam "Vilnius MRU (W)"]
[BlackTeam "Siauliai Fortuna (W)"]
[WhiteTeamCountry "LTU"]
[BlackTeamCountry "LTU"]

1. e4 d5 2. exd5 Nf6 3. d4 Nxd5 4. c4 Nb6 5. Nf3 g6 6. Nc3 Bg7 7. c5 Nd5 8. Bc4 c6 9. Qb3 e6 10. 0-0 0-0 11. Ne4 b5 12. Bd3 Nd7 13. a4 b4 14. a5 e5 15. Bc4 exd4 16. Bxd5 cxd5 17. Qxd5 Ba6 18. Bg5 Qc7 19. Rfc1 d3 20. c6 Ne5 21. Nf6+ Bxf6 22. Bxf6 Nxf3+ 23. Qxf3 Qd6 24. c7 Bb5 25. Qxa8 Rxa8 26. c8Q+ Rxc8 27. Rxc8+ Qf8 28. Rxf8+ Kxf8 29. Bd4 a6 30. Bc5+ Ke8 31. Bxb4 Kd7 32. f3 Ke6 33. Kf2 Kd5 34. Rc1 f5 35. Ke3 g5 36. Rc5+ Ke6 37. Rxb5 axb5 38. a6 1-0

[Event "LTU-chT (Women)"]
[White "Semonaviciute, Migle"]
[Black "Sibajeva, Marija"]
[Site "Lithuania"]
[Round "5.2"]
[Result "0-1"]
[Date "2015.02.16"]
[WhiteElo "1690"]
[BlackElo "1871"]
[PlyCount "106"]
[EventDate "2015.01.24"]
[EventType "team-swiss"]
[EventRounds "7"]
[EventCountry "LTU"]
[SourceTitle "EXT 2018"]
[Source "ChessBase"]
[SourceDate "2017.10.13"]
[SourceVersion "1"]
[SourceVersionDate "2017.10.13"]
[SourceQuality "1"]
[WhiteTeam "Siauliai Fortuna (W)"]
[BlackTeam "Kaunas Margiris (W)"]
[WhiteTeamCountry "LTU"]
[BlackTeamCountry "LTU"]

1. c4 c5 2. g3 Nc6 3. e3 g6 4. Bg2 Bg7 5. Ne2 e6 6. 0-0 Nge7 7. d4 cxd4 8. exd4 d5 9. cxd5 exd5 10. Nbc3 0-0 11. Be3 Bg4 12. Qb3 Bxe2 13. Nxe2 Na5 14. Qb4 Nac6 15. Qc3 Rc8 16. Qd2 Nf5 17. Bh3 Nxe3 18. fxe3 f5 19. Bg2 Qd6 20. Nc3 Ne7 21. Qc2 Rfd8 22. Qb3 Qd7 23. Rad1 Kh8 24. Ne2 Ng8 25. Nf4 Nf6 26. Rc1 Rxc1 27. Rxc1 g5 28. Nd3 Qe7 29. Ne5 Ne4 30. Bxe4 fxe4 31. Ng4 Qd7 32. Nf2 Rf8 33. Rc5 Qf5 34. Qc2 Qf3 35. Qd2 g4 36. Qe1 Bh6 37. Nd1 Qf7 38. Qe2 b6 39. Rc6 Bg5 40. Rd6 Qf5 41. Nf2 h5 42. a4 Rc8 43. h3 Qf3 44. Qxf3 gxf3 45. Rxd5 Bxe3 46. Rxh5+ Kg8 47. d5 Rc1+ 48. Kh2 Bxf2 49. g4 Be3 50. Rf5 f2 51. Kg2 Rg1+ 52. Kh2 f1N+ 53. Rxf1 Rxf1 0-1

[Event "LTU-ch U14 Girls"]
[White "Misiuk, Karolina"]
[Black "Semonaviciute, Migle"]
[Site "Panevezys"]
[Round "6"]
[Result "0-1"]
[Date "2014.03.28"]
[WhiteElo "1439"]
[BlackElo "1592"]
[PlyCount "96"]
[EventDate "2014.03.25"]
[EventType "swiss"]
[EventRounds "9"]
[EventCountry "LTU"]
[SourceTitle "EXT 2016"]
[Source "ChessBase"]
[SourceDate "2015.10.08"]
[SourceVersion "1"]
[SourceVersionDate "2015.10.08"]
[SourceQuality "1"]

1. d4 d5 2. c4 dxc4 3. e4 e5 4. Nf3 exd4 5. Bxc4 Nc6 6. 0-0 Be6 7. Bxe6 fxe6 8. Qb3 Qd7 9. Ng5 e5 10. Nd2 h6 11. Ne6 Bd6 12. Nxg7+ Qxg7 13. Qxb7 Rd8 14. Qxc6+ Ke7 15. Nf3 Qg4 16. Bd2 Nf6 17. Ba5 Rhg8 18. Ne1 Qxe4 19. Qxe4 Nxe4 20. Nf3 Ng5 21. Nxg5 hxg5 22. Rfe1 Rdf8 23. Rac1 c5 24. a3 Rc8 25. Rc4 Ke6 26. Rec1 Rb8 27. b4 cxb4 28. axb4 Rb5 29. Kf1 Rgb8 30. Bc7 Bxc7 31. Rxc7 R8b7 32. R7c6+ Kf5 33. R6c5 Rxb4 34. g4+ Kf4 35. Kg2 R4b5 36. f3 Rxc5 37. Rxc5 Rb2+ 38. Kh3 d3 39. Rd5 d2 40. Rd3 a5 41. Rxd2 Rb3 42. Rf2 e4 43. Rf1 e3 44. Re1 Kxf3 45. Rb1 Rd3 46. Re1 Kf2 47. Rd1 Ke2 48. Rf1 Kxf1 0-1

[Event "LTU-ch U14 Girls"]
[White "Gailiunaite, Saule"]
[Black "Semonaviciute, Migle"]
[Site "Panevezys"]
[Round "4"]
[Result "1/2-1/2"]
[Date "2014.03.27"]
[WhiteElo "1626"]
[BlackElo "1592"]
[PlyCount "37"]
[EventDate "2014.03.25"]
[EventType "swiss"]
[EventRounds "9"]
[EventCountry "LTU"]
[SourceTitle "EXT 2016"]
[Source "ChessBase"]
[SourceDate "2015.10.08"]
[SourceVersion "1"]
[SourceVersionDate "2015.10.08"]
[SourceQuality "1"]

1. d4 d5 2. c4 dxc4 3. e4 e5 4. Nf3 exd4 5. Bxc4 Nc6 6. 0-0 Be6 7. Bxe6 fxe6 8. Qb3 Qd7 9. Qxb7 Rb8 10. Qa6 Bc5 11. Nbd2 Nf6 12. b3 Bb6 13. Ba3 g5 14. Nxg5 Rg8 15. Ngf3 e5 16. Qc4 Ba5 17. Rac1 Bc3 18. Nb1 Rxg2+ 19. Kxg2 1/2-1/2

[Event "LTU-ch U14 Girls"]
[White "Semonaviciute, Migle"]
[Black "Pilipaviciute, Aiste"]
[Site "Panevezys"]
[Round "3"]
[Result "1-0"]
[Date "2014.03.26"]
[WhiteElo "1592"]
[BlackElo "1536"]
[PlyCount "87"]
[EventDate "2014.03.25"]
[EventType "swiss"]
[EventRounds "9"]
[EventCountry "LTU"]
[SourceTitle "EXT 2016"]
[Source "ChessBase"]
[SourceDate "2015.10.08"]
[SourceVersion "1"]
[SourceVersionDate "2015.10.08"]
[SourceQuality "1"]

1. e4 d5 2. exd5 Qxd5 3. Nc3 Qd6 4. d4 Nf6 5. Nf3 a6 6. Bc4 Bg4 7. 0-0 Nc6 8. Be3 Rd8 9. d5 Ne5 10. Be2 Nxf3+ 11. Bxf3 Bxf3 12. Qxf3 Nxd5 13. Rad1 e6 14. Nxd5 exd5 15. Bf4 Qc6 16. Rfe1+ Be7 17. Qg3 g6 18. Re2 Rd7 19. Rd3 0-0 20. Bh6 Rfd8 21. Rde3 Re8 22. Qh4 Qd6 23. Bg5 f6 24. Bxf6 Bxf6 25. Rxe8+ Kg7 26. Qg4 Rf7 27. Qc8 Qd7 28. Qxb7 Bd4 29. Qc8 Qxc8 30. Rxc8 Bxb2 31. f3 Bd4+ 32. Kf1 Bb6 33. Rd8 d4 34. Rd5 Rf6 35. Re7+ Rf7 36. Rdd7 Rxe7 37. Rxe7+ Kg8 38. Ke2 h5 39. g4 hxg4 40. fxg4 Kf8 41. Rd7 a5 42. a4 c5 43. Kd3 g5 44. Kc4 1-0

[Event "LTU-ch sf (Women)"]
[White "Semonaviciute, Migle"]
[Black "Bajoraite, Rita"]
[Site "Vilnius"]
[Round "7"]
[Result "0-1"]
[Date "2014.02.23"]
[WhiteElo "1566"]
[BlackElo "1960"]
[PlyCount "106"]
[EventDate "2014.02.17"]
[EventType "swiss"]
[EventRounds "7"]
[EventCountry "LTU"]
[SourceTitle "CBM 158 Extra"]
[Source "ChessBase"]
[SourceDate "2014.02.28"]
[SourceVersion "1"]
[SourceVersionDate "2014.02.28"]
[SourceQuality "1"]

1. e4 d6 2. d4 g6 3. Nc3 Bg7 4. f4 Nf6 5. Nf3 0-0 6. Bd3 Bg4 7. 0-0 Nc6 8. Be3 e5 9. d5 Nd4 10. Bxd4 exd4 11. Ne2 Re8 12. Ng3 c5 13. dxc6 bxc6 14. h3 Bxf3 15. Qxf3 Qd7 16. Rae1 Rad8 17. f5 Re5 18. Qf4 c5 19. Nh1 gxf5 20. exf5 Rde8 21. Qf2 Nd5 22. Qg3 f6 23. Bc4 Kh8 24. Bxd5 Rxd5 25. Rxe8+ Qxe8 26. Re1 Re5 27. Rxe5 dxe5 28. Nf2 Bh6 29. Ne4 Be3+ 30. Kh1 Qb5 31. Qf3 Qxb2 32. Nf2 Bxf2 33. Qxf2 Qxa2 34. Qh4 Qf7 35. Qe4 Qd7 36. g4 c4 37. g5 d3 38. gxf6 Kg8 39. Qxc4+ Kf8 40. cxd3 Qxf5 41. Qc5+ Kg8 42. Qd5+ Kf8 43. Qa8+ Kf7 44. Qxa7+ Kxf6 45. Qb6+ Kg5 46. Qe3+ Qf4 47. Qe2 Kh4 48. Qg2 h6 49. Qe2 Kxh3 50. Qh5+ Kg3 51. Qg6+ Qg5 52. Qb6 Qh5+ 53. Kg1 Qd1# 0-1

[Event "LTU-ch sf (Women)"]
[White "Batkovskyte, Dominyka"]
[Black "Semonaviciute, Migle"]
[Site "Vilnius"]
[Round "5"]
[Result "1-0"]
[Date "2014.02.21"]
[WhiteElo "2110"]
[BlackElo "1566"]
[PlyCount "99"]
[EventDate "2014.02.17"]
[EventType "swiss"]
[EventRounds "7"]
[EventCountry "LTU"]
[SourceTitle "CBM 158 Extra"]
[Source "ChessBase"]
[SourceDate "2014.02.28"]
[SourceVersion "1"]
[SourceVersionDate "2014.02.28"]
[SourceQuality "1"]

1. d4 d5 2. c4 dxc4 3. e4 e5 4. Nf3 exd4 5. Bxc4 Bb4+ 6. Nbd2 Ne7 7. Ng5 Nd5 8. Nxf7 Kxf7 9. Bxd5+ Ke7 10. 0-0 h6 11. Qh5 Qf8 12. a3 Bd6 13. e5 Bc5 14. Ne4 Kd8 15. Nxc5 c6 16. Ne6+ Bxe6 17. Bxe6 Nd7 18. Bxd7 Kxd7 19. Qg4+ Kc7 20. Qxd4 Qe7 21. Bf4 g5 22. Qd6+ Qxd6 23. exd6+ Kd7 24. Bg3 Rhe8 25. Rfe1 h5 26. h4 gxh4 27. Bxh4 Rxe1+ 28. Rxe1 Kxd6 29. Re7 b6 30. Rh7 a5 31. Rh6+ Kc7 32. Bg3+ Kb7 33. Rxh5 Rd8 34. Rh6 Rd1+ 35. Kh2 Rd2 36. Be5 Rxf2 37. Kg3 Re2 38. Bc3 b5 39. Kf3 Rc2 40. g4 b4 41. axb4 axb4 42. Be5 c5 43. g5 Rc1 44. g6 Rg1 45. g7 c4 46. Rh8 c3 47. bxc3 b3 48. g8Q Rxg8 49. Rxg8 b2 50. Rb8+ 1-0

[Event "LTU-ch sf (Women)"]
[White "Semonaviciute, Migle"]
[Black "Meskenaite, Rugile"]
[Site "Vilnius"]
[Round "4"]
[Result "1-0"]
[Date "2014.02.20"]
[WhiteElo "1566"]
[BlackElo "1510"]
[PlyCount "67"]
[EventDate "2014.02.17"]
[EventType "swiss"]
[EventRounds "7"]
[EventCountry "LTU"]
[SourceTitle "CBM 158 Extra"]
[Source "ChessBase"]
[SourceDate "2014.02.28"]
[SourceVersion "1"]
[SourceVersionDate "2014.02.28"]
[SourceQuality "1"]

1. e4 e5 2. Nf3 Nc6 3. d4 exd4 4. c3 dxc3 5. Nxc3 Bb4 6. Bd2 d6 7. Bc4 Bg4 8. Bxf7+ Kxf7 9. Ng5+ Qxg5 10. f3 Bxf3 11. Qb3+ Kf8 12. Bxg5 Bxg2 13. Rg1 Nd4 14. Qd1 Nf3+ 15. Kf2 Nxg1 16. Kxg2 Bc5 17. Na4 h6 18. Bc1 Bb6 19. Nxb6 axb6 20. Kxg1 Nf6 21. Qc2 c6 22. Bf4 Rd8 23. Rd1 d5 24. exd5 Nxd5 25. Qf5+ Kg8 26. Be5 Re8 27. Re1 Re7 28. Kh1 h5 29. Bc3 Rxe1+ 30. Bxe1 Rh6 31. Bc3 b5 32. Be5 b6 33. Qg5 Rh7 34. Qg6 1-0

[Event "EU Union-ch U12"]
[White "Durica, Adam"]
[Black "Semonaviciute, Migle"]
[Site "Malenovice"]
[Round "7"]
[Result "1-0"]
[Date "2013.09.03"]
[WhiteElo "1628"]
[BlackElo "1524"]
[PlyCount "71"]
[EventDate "2013.08.28"]
[EventType "swiss"]
[EventRounds "9"]
[EventCountry "CZE"]
[SourceTitle "CBM 156 Extra"]
[Source "ChessBase"]
[SourceDate "2013.10.22"]
[SourceVersion "1"]
[SourceVersionDate "2013.10.22"]
[SourceQuality "1"]

1. e4 d5 2. exd5 Qxd5 3. Nc3 Qa5 4. d4 c6 5. Nf3 Bg4 6. Be2 Nf6 7. Bd2 Qc7 8. Ne5 Bxe2 9. Qxe2 e6 10. Bf4 Bd6 11. 0-0 0-0 12. Rad1 Nbd7 13. Nxd7 Qxd7 14. Be5 Nd5 15. Ne4 Bc7 16. c4 Ne7 17. Qh5 f6 18. Nc5 Qc8 19. Bxc7 Qxc7 20. Nxe6 Qd6 21. Nxf8 Rxf8 22. a3 g6 23. Qa5 a6 24. Qb6 Qd7 25. Rfe1 Nc8 26. Qb4 Nd6 27. d5 a5 28. dxc6 axb4 29. cxd7 Nf7 30. axb4 Nd8 31. Re8 Kf7 32. Rde1 Nc6 33. Rxf8+ Kxf8 34. Re8+ Kf7 35. d8Q Nxd8 36. Rxd8 1-0

[Event "EU Union-ch U12"]
[White "Semonaviciute, Migle"]
[Black "Ludvik, Tomas"]
[Site "Malenovice"]
[Round "6"]
[Result "1/2-1/2"]
[Date "2013.09.02"]
[WhiteElo "1524"]
[BlackElo "1542"]
[PlyCount "124"]
[EventDate "2013.08.28"]
[EventType "swiss"]
[EventRounds "9"]
[EventCountry "CZE"]
[SourceTitle "CBM 156 Extra"]
[Source "ChessBase"]
[SourceDate "2013.10.22"]
[SourceVersion "1"]
[SourceVersionDate "2013.10.22"]
[SourceQuality "1"]

1. e4 e5 2. Nc3 Nf6 3. g3 c6 4. Bg2 d5 5. exd5 cxd5 6. d4 e4 7. Nge2 Be7 8. Bg5 Bg4 9. Qd2 h6 10. Bxf6 Bxf6 11. Nf4 Be6 12. f3 Bg5 13. h4 Bxf4 14. Qxf4 Nc6 15. 0-0-0 exf3 16. Bxf3 a6 17. Rhe1 0-0 18. Rh1 b5 19. g4 Ne7 20. h5 Qa5 21. g5 b4 22. Nb1 Rac8 23. gxh6 Bf5 24. Rd2 Qa4 25. Rhh2 b3 26. axb3 Qxb3 27. hxg7 Kxg7 28. Qe5+ Kh7 29. Bd1 Qb4 30. Rdg2 Rg8 31. Qf6 Be6 32. c3 Nf5 33. Bc2 Qf8 34. Bxf5+ Bxf5 35. Qxf5+ Kh8 36. Rxg8+ Qxg8 37. h6 Qg1+ 38. Kc2 Qxh2+ 39. Nd2 Rc6 40. Qxf7 Qxh6 41. Qxd5 Qg6+ 42. Qe4 Kg7 43. Qxg6+ Rxg6 44. Kb3 Kf7 45. Nc4 Ke7 46. Kb4 Kd8 47. d5 Kc7 48. Na5 Rg2 49. b3 Rd2 50. c4 Rd3 51. Ka4 Rc3 52. b4 Rc1 53. c5 Ra1+ 54. Kb3 Rd1 55. d6+ Kd7 56. Nc4 Rb1+ 57. Ka3 Ra1+ 58. Kb2 Re1 59. Nb6+ Kc6 60. d7 Rd1 61. Kb3 a5 62. Nc4 axb4 1/2-1/2

[Event "EU Union-ch U12"]
[White "Semonaviciute, Migle"]
[Black "Hurdzan, Tomas"]
[Site "Malenovice"]
[Round "4"]
[Result "0-1"]
[Date "2013.08.31"]
[WhiteElo "1524"]
[BlackElo "1862"]
[PlyCount "112"]
[EventDate "2013.08.28"]
[EventType "swiss"]
[EventRounds "9"]
[EventCountry "CZE"]
[SourceTitle "CBM 156 Extra"]
[Source "ChessBase"]
[SourceDate "2013.10.22"]
[SourceVersion "1"]
[SourceVersionDate "2013.10.22"]
[SourceQuality "1"]

1. c4 g6 2. g3 Bg7 3. Bg2 d6 4. Nf3 e5 5. Nc3 Ne7 6. d4 exd4 7. Nxd4 Nbc6 8. e3 0-0 9. 0-0 Re8 10. h3 Bd7 11. Nce2 Qc8 12. Kh2 h5 13. Nf3 Ne5 14. Qb3 Nxf3+ 15. Bxf3 Nc6 16. Bg2 Rb8 17. Bd2 Ne5 18. Bc3 Be6 19. Bxe5 dxe5 20. Qa4 c6 21. Rfd1 Qc7 22. Rd2 Rbd8 23. Rad1 Rxd2 24. Rxd2 Rd8 25. Rxd8+ Qxd8 26. Qc2 h4 27. b3 hxg3+ 28. Nxg3 f5 29. Kh1 Qh4 30. Kg1 Qh6 31. Kh2 f4 32. exf4 exf4 33. Nh1 Bf5 34. Qe2 Qh4 35. a3 Kh7 36. b4 Qf6 37. a4 Qc3 38. b5 cxb5 39. axb5 Be5 40. Qf3 Qxf3 41. Bxf3 b6 42. Kg2 Kg7 43. Bd5 Kf6 44. Kf3 Bxh3 45. Ke2 Bd4 46. f3 Ke5 47. Nf2 Bxf2 48. Kxf2 Kd4 49. Ke2 Bf5 50. Kf2 Bd3 51. Kg2 Bxc4 52. Bxc4 Kxc4 53. Kh3 Kd3 54. Kh4 Ke2 55. Kg4 Ke3 56. Kg5 Kxf3 0-1

[Event "Panevezys op-B 26th"]
[White "Katinas, Kazimieras"]
[Black "Semonaviciute, Migle"]
[Site "Panevezys"]
[Round "6"]
[Result "0-1"]
[Date "2013.08.16"]
[WhiteElo "1613"]
[BlackElo "1524"]
[PlyCount "96"]
[EventDate "2013.08.12"]
[EventType "swiss"]
[EventRounds "8"]
[EventCountry "LTU"]
[SourceTitle "CBM 155 Extra"]
[Source "ChessBase"]
[SourceDate "2013.08.26"]
[SourceVersion "1"]
[SourceVersionDate "2013.08.26"]
[SourceQuality "1"]

1. d4 e6 2. e4 d5 3. e5 c5 4. Bb5+ Bd7 5. Bxd7+ Nxd7 6. Nf3 cxd4 7. Qxd4 Ne7 8. 0-0 Nf5 9. Qa4 Bc5 10. Bg5 Qc7 11. Nc3 0-0 12. Nb5 Qc6 13. g4 Ne7 14. b3 Ng6 15. Nd6 Ndxe5 16. Nxe5 Nxe5 17. Be7 Bxd6 18. Qxc6 Nxc6 19. Bxd6 Rfd8 20. Bf4 e5 21. Bd2 Rac8 22. c3 d4 23. Rfe1 f6 24. f3 dxc3 25. Bxc3 Rd3 26. Rac1 Rxf3 27. Red1 Rd8 28. Rxd8+ Nxd8 29. Ba5 Nc6 30. Be1 Kf7 31. Kg2 e4 32. Rd1 Ke6 33. Bg3 Rd3 34. Rxd3 exd3 35. Kf2 b5 36. a3 a5 37. Ke3 Ne5 38. Bxe5 fxe5 39. Kxd3 Kd5 40. h3 g5 41. a4 bxa4 42. bxa4 e4+ 43. Ke3 Ke5 44. Ke2 Kd4 45. Kd2 e3+ 46. Ke1 Kd3 47. Kd1 e2+ 48. Ke1 h6 0-1

[Event "Panevezys op-B 26th"]
[White "Semonaviciute, Migle"]
[Black "Samuolis, Mantas"]
[Site "Panevezys"]
[Round "5"]
[Result "0-1"]
[Date "2013.08.15"]
[WhiteElo "1524"]
[BlackElo "1523"]
[PlyCount "94"]
[EventDate "2013.08.12"]
[EventType "swiss"]
[EventRounds "8"]
[EventCountry "LTU"]
[SourceTitle "CBM 155 Extra"]
[Source "ChessBase"]
[SourceDate "2013.08.26"]
[SourceVersion "1"]
[SourceVersionDate "2013.08.26"]
[SourceQuality "1"]

1. d4 d5 2. Nf3 Nf6 3. c4 e6 4. Nc3 c5 5. Bg5 cxd4 6. Qxd4 Nc6 7. Qd2 d4 8. Bxf6 gxf6 9. Ne4 Bb4 10. Nc3 dxc3 11. bxc3 Qxd2+ 12. Kxd2 Bc5 13. e3 e5 14. Bd3 Be6 15. Kc2 Ke7 16. Rab1 Na5 17. Be4 Rab8 18. Bd5 b6 19. Nd2 Rhd8 20. Be4 f5 21. Bd3 Rdc8 22. Rb5 Bd6 23. Rb2 e4 24. Be2 Nxc4 25. Bxc4 Bxc4 26. Nxc4 Rxc4 27. Rd1 Rbc8 28. Rb3 Be5 29. Kb1 Rxc3 30. Rb5 R3c5 31. Rb3 Rc2 32. Rb5 R8c5 33. Rxc5 Rxc5 34. g3 Rb5+ 35. Kc1 Rb2 36. Rd2 Rxd2 37. Kxd2 b5 38. a3 Bd6 39. Kc3 Bxa3 40. Kb3 Bc5 41. Kc3 a5 42. h4 h5 43. Kb3 Ke6 44. Kc3 Kd5 45. Kb3 a4+ 46. Kb2 b4 47. Ka2 Kc4 0-1

[Event "LTU-chT (Women)"]
[White "Semonaviciute, Migle"]
[Black "Perminaite, Guoda"]
[Site "Lithuania"]
[Round "3"]
[Result "1/2-1/2"]
[Date "2013.02.09"]
[WhiteElo "1560"]
[BlackElo "1433"]
[PlyCount "78"]
[EventDate "2013.01.19"]
[EventType "team-tourn"]
[EventRounds "7"]
[EventCountry "LTU"]
[SourceTitle "CBM 152 Extra"]
[Source "ChessBase"]
[SourceDate "2013.02.25"]
[SourceVersion "1"]
[SourceVersionDate "2013.02.25"]
[SourceQuality "1"]

1. e4 e5 2. Nc3 Nf6 3. g3 d6 4. Bg2 Nc6 5. Nge2 Be7 6. 0-0 0-0 7. h3 Be6 8. d4 exd4 9. Nxd4 Nxd4 10. Qxd4 Nd7 11. Nd5 Bxd5 12. exd5 Bf6 13. Qb4 b6 14. c3 Re8 15. Bf4 Be5 16. Rae1 Bxf4 17. Qxf4 Qf6 18. Qa4 Qd8 19. Qf4 a5 20. Re3 Rxe3 21. fxe3 Qe7 22. Kh2 Re8 23. b4 axb4 24. cxb4 Ra8 25. Rf2 Qf6 26. Rc2 Qxf4 27. exf4 Ra7 28. h4 h6 29. Kh3 f5 30. Bf3 Nf6 31. Kg2 Kf7 32. a3 Ke7 33. Rc3 Kd7 34. Kh3 Ra8 35. g4 fxg4+ 36. Bxg4+ Nxg4 37. Kxg4 g6 38. f5 gxf5+ 39. Kxf5 Rg8 1/2-1/2